| 000 | 00392nam a2200157Ia 4500 | ||
|---|---|---|---|
| 008 | 210716s2002 xx 000 0 und d | ||
| 020 | _a8174462864 | ||
| 041 | _aeng | ||
| 082 | _a004.21 SINA | ||
| 100 | _aSinghal, Alok. | ||
| 245 | _aSystem analysis design and mis. | ||
| 250 | _a1 | ||
| 260 |
_aNew Delhi _bExcel Books _c2002 |
||
| 300 | _axiv,340 | ||
| 650 | _aSystem Analysis & Design | ||
| 999 |
_c185098 _d185098 |
||